Победители «Евровидения» - Армагеддон - Statistics

General Stats
  • This quiz has been taken 391 times
    280 since last reset
  • The average score is 10 of 27
Answers on the Grid
Answers color-coded by a green-red scale on the quiz's grid according to % correct below.
Австралия
Австрия
Азербайджан
Албания
Андорра
Армения
Белоруссия
Бельгия
Болгария
Босния и Герцеговина
Великобритания
Венгрия
Германия
Греция
Грузия
Дания
Израиль
Ирландия
Исландия
Испания
Италия
Кипр
Косово
Латвия
Литва
Лихтенштейн
Люксембург
Мальта
Молдавия
Монако
Нидерланды
Норвегия
Польша
Португалия
Россия
Румыния
Сан-Марино
Северная Македония
Сербия
Словакия
Словения
Турция
Украина
Финляндия
Франция
Хорватия
Черногория
Чехия
Швейцария
Швеция
Эстония
Югославия
 
Answer Stats
Answer % Correct
Россия
63%
Австрия
57%
Украина
57%
Великобритания
52%
Германия
50%
Израиль
50%
Италия
48%
Франция
44%
Швеция
43%
Азербайджан
42%
Швейцария
38%
Испания
35%
Финляндия
35%
Дания
33%
Нидерланды
32%
Португалия
32%
Бельгия
31%
Греция
30%
Ирландия
30%
Норвегия
29%
Югославия
24%
Сербия
23%
Турция
23%
Эстония
22%
Латвия
18%
Люксембург
18%
Монако
10%
No matching quizzes found
Score Distribution
Percent of People with Each Score
Percentile by Number Answered
Your Score History
You have not taken this quiz since the last reset